Housing (Scotland) Bill (Record no. 121872)
[ view plain ]
| 000 -LEADER | |
|---|---|
| fixed length control field | 01654nam a22002417a 4500 |
| 008 - FIXED-LENGTH DATA ELEMENTS--GENERAL INFORMATION | |
| fixed length control field | 230605e20240326xxk|||||o||||o00| 0 eng d |
| 041 ## - LANGUAGE CODE | |
| Language code of text/sound track or separate title | eng |
| 110 2# - MAIN ENTRY--CORPORATE NAME | |
| Corporate author | Scottish Government |
| 245 ## - TITLE STATEMENT | |
| Title | Housing (Scotland) Bill |
| Medium | [Online publication] |
| 260 ## - PUBLICATION INFORMATION | |
| Publisher | Scottish Parliament |
| Date | 26 March 2024 |
| 520 ## - ABSTRACT | |
| Abstract | The Housing (Scotland) Bill will introduce an ‘ask and act’ duty on social landlords and bodies, such as health boards and the police, to ask about a person’s housing situation and act to avoid them becoming homeless wherever possible.<br/><br/>It also reforms provision for people threatened with homelessness up to six months ahead and includes provisions for tenants experiencing domestic abuse.<br/><br/>The Bill will outline proposals for a New Deal for Tenants, a key part of the Bute House Agreement between the Scottish Government and the Scottish Green Party.<br/><br/>Proposals include long term rent controls for private tenancies, new rights to keep pets, decorate rented homes and stronger protection against eviction. |
| 650 ## - KEYWORDS | |
| Keywords | HOUSING |
| 650 ## - KEYWORDS | |
| Keywords | LANDLORD AND TENANT |
| 650 ## - KEYWORDS | |
| Keywords | RENT CONTROLS |
| 650 ## - KEYWORDS | |
| Keywords | SOCIAL HOUSING |
| 650 ## - KEYWORDS | |
| Keywords | SOCIAL HOUSING |
| 651 ## - SUBJECT ADDED ENTRY--GEOGRAPHIC NAME | |
| Geographic name | Scotland |
| 690 ## - BROAD SUBJECT | |
| 9 (RLIN) | 6252 |
| Broad subject | Landlord and tenant |
| 690 ## - BROAD SUBJECT | |
| 9 (RLIN) | 6266 |
| Broad subject | Residential property |
| 856 ## - ONLINE RESOURCE | |
| Uniform Resource Identifier | <a href="https://www.parliament.scot/-/media/files/legislation/bills/s6-bills/housing-scotland-bill/introduction/bill-as-introduced.pdf">https://www.parliament.scot/-/media/files/legislation/bills/s6-bills/housing-scotland-bill/introduction/bill-as-introduced.pdf</a> |
| Public note | Bill as introduced |
| 856 ## - ONLINE RESOURCE | |
| Uniform Resource Identifier | <a href="https://www.parliament.scot/-/media/files/legislation/bills/s6-bills/housing-scotland-bill/introduction/explanatory-notes-accessible.pdf">https://www.parliament.scot/-/media/files/legislation/bills/s6-bills/housing-scotland-bill/introduction/explanatory-notes-accessible.pdf</a> |
| Public note | See explanatory notes to the Bill |
| 942 ## - ADDED ENTRY ELEMENTS (KOHA) | |
| Suppress in OPAC | Do not suppress in OPAC |
| Lost status | Damaged status | Not for loan | Home library | Current library | Shelving location | Date acquired | Total Checkouts | Full call number | Date last seen | Price effective from | Koha item type |
|---|---|---|---|---|---|---|---|---|---|---|---|
| Virtual | Virtual | Online | 27/03/2024 | LEGISLATION | 27/03/2024 | 27/03/2024 | Online material |